000 00796nam a2200277Ia 4500
001 Para_7060
003 CHAP
008 220125s1942 xx 000 0 und d
010 _a205887
040 _cCHAP
090 _aPA FOLLETO 2831
100 _aDemaree, J.B.
_9172014
245 _aControl of grape diseases and insects in eastern United States /
_c by J.B. Demaree, G.A. Runner
260 _aWashington :
_b United States Department of Agriculture
300 _a28 p.
650 _aUva
_x enfermedades
_9117126
650 _aUva
_x plagas
_9117135
700 _aRunner, G.A.
_9100863
901 _aPA FOLLETO 2831
902 _aA
905 _a0000001942 0000000000 00
910 _a1942
942 _cPARA
942 _cPARA
_d1
999 _c205887
_d205887